Random Questions - Statistics

General Stats
  • This quiz has been taken 25 times
  • The average score is 6 of 12
Answer Stats
Question Answer % Correct
What year did the Titanic sink 1912
100%
Month after May June
100%
Whos won the most Olympic gold medals (before Tokyo 2020 Olympics) Michael Phelps
100%
did you like this quiz YES
100%
How many songs did the Beatles release 213
67%
Which country has the most time zones (including overseas territories) France
33%
What is the name of the Detroit NBA team Pistons
33%
Which day of the week is often called Hump Day Wednesday
33%
Which language has the most words Korean
0%
What does TM stand for on the periodic table Thulium
0%
Most subscribed YouTuber (in 2022) T-Series
0%
Most common last name in the world (again in 2022) Wang
0%
No matching quizzes found
Score Distribution
Percent of People with Each Score
Percentile by Number Answered
Your Score History
You have not taken this quiz